Testez votre espagnol #2 - Statistiques

Statistiques générales
  • Ce quiz a été pris 1 447 fois
  • Le résultat moyen est 9 sur 12
Statistiques - réponses
Mot Réponse % Correct
Color Couleur
100%
Limon Citron
98%
Telefono Téléphone
98%
Azul Bleu
97%
Botella Bouteille
94%
Espacio Espace
94%
Libro Livre
93%
Perro Chien
91%
Abeja Abeille
41%
Zanahoria Carotte
34%
Alfombra Tapis
18%
Aguja Aiguille
17%
Aucun quiz correspondant
Distribution des résultats
% des personnes avec chaque résultat
Percentile par nombre de réponses
Votre historique - résultats
Vous n’avez pas pris ce quiz